Lietuvos Respublikos pasirengimo pirmininkauti ir pirmininkavimo Europos saugumo ir bendradarbiavimo organizacijai (ESBO) svarbiausių dokumentų rinkinys

Titel: Lietuvos Respublikos pasirengimo pirmininkauti ir pirmininkavimo Europos saugumo ir bendradarbiavimo organizacijai (ESBO) svarbiausių dokumentų rinkinys : 2004-2011 metai / sudarytojas Rytis Paulauskas
Verfasser:
Veröffentlicht: Kaunas : Vitae Litera, 2012
Umfang: 338 Seiten : Illustrationen
Format: Buch
Sprache: Litauisch
Schlagworte:
ISBN: 9786094540691
Buchumschlag
X
alg: 45657146
001A    $03004:06-12-19 
001B    $01999:04-12-20 $t11:30:26.000 
001D    $03004:06-12-19 
001U    $0utf8 
001X    $00 
002@    $0Aau 
002C    $aText $btxt $2rdacontent 
002D    $aohne Hilfsmittel zu benutzen $bn $2rdamedia 
002E    $aBand $bnc $2rdacarrier 
003@    $0456571469 
003O    $0888162132 $aOCoLC 
004A    $A978-609-454-069-1 
007A    $0456571469 $aHEB 
007G    $0DE02023D222587C3ACD09C125863300297EEF 
009P    $qapplication/pdf $A2 $3Inhaltsverzeichnis $uhttp://scans.hebis.de/HEBCGI/show.pl?45657146_toc.pdf $mV:DE-603;B:DE-Mb50 
010@    $alit 
010E    $erda 
011@    $a2012 
021A    $aLietuvos Respublikos pasirengimo pirmininkauti ir pirmininkavimo Europos saugumo ir bendradarbiavimo organizacijai (ESBO) svarbiausių dokumentų rinkinys $d2004-2011 metai $hsudarytojas Rytis Paulauskas 
028C    $BVerfasser $4aut $8Paulauskas, Rytis [Tnu] $9456571000 
033A    $pKaunas $nVitae Litera 
034D    $a338 Seiten 
034M    $aIllustrationen 
037A    $aLiteraturverzeichnis Seite 317-318 
044K    $RLitovskaja Gubernija $RLitauische Sozialistische Sowjetrepublik $#Litauen $#Litauen $#Litauen $#Lithuania $#Lietuvos Respublika $#République Lithuanienne $#Lithuanie $#Litva 1918 - 1940, 1991, 9 - $#Litovskaja Respublika $#Lithuania 1918 - 1940, 1991, 9 - $#Republik Litauen $#Republic of Lithuania $#Lithuanian Republic $#Litauische Republik $#Lietuva $#Litwa $74074266-0 $8Litauen [Tg1] $9085209074 
044K    $#Politics and government $#Politics, Practical $#Politique et gouvernement $#Pratiques politiques $#Politica $#policies $#Politics $#Politik $#Politik $#Staatspolitik $#Politische Lage $#Politische Entwicklung $#Politische Situation $74046514-7 $8Politik [Tsz] $9085129836 
044K    $RKonferenz über Sicherheit und Zusammenarbeit in Europa $RENVSEC $#OSZE $#OSZE $#Organization for Security and Cooperation in Europe $#Organization for Security and Co-operation in Europe $#Organisation de la Sécurité et la Coopération en Europe $#Organisation pour la Sécurité et la Coopération en Europe $#Organización para la Seguridad y la Cooperación en Europa $#Organizzazione per la sicurezza e la cooperazione in Europa $#OSCE $#Organizacija po Bezopasnosti i Sotrudničestvu v Evrope $#OBSE $#Organizacja Bezpieczeństwa i Współpracy w Europie $#OBWE $#Organizacija za europsku sigurnost i suradnju $#OESS $#Organisatie voor Veiligheid en Samenwerking in Europa $#OVSE $#Organisationen för säkerhet och samarbete i Europa $#OSSE $#Organisation für Sicherheit und Zusammenarbeit in Europa, Secretary General $72149347-9 $8Organisation für Sicherheit und Zusammenarbeit in Europa [Tb1] $9043925685 
044K    $RQuellenforschung $#History -- Sources $#Histoire -- Sources $#Akten Formschlagwort $#Augenzeugenbericht Formschlagwort $#Texte Formschlagwort $#Historische Quelle $#Geschichtsquelle $#Quellensammlung $#Quellen $74135952-5 $8Quelle [Ts1] $9085503576 
045F    $a320.094793 $eDDC23BSB 
045F/01 $a320 
045F/03 $g4793 
046L    $aBeiträge teilweise litauisch, teilweise englisch und teilweise russisch 

lok: 45657146 24

exp: 45657146 24 1 #EPN
201B/01 $006-12-19 $t14:03:04.000 
201C/01 $006-12-19 
201U/01 $0utf8 
203@/01 $01072159864 
208@/01 $a06-12-19 $bz 
209A/01 $a19.06015 $du $f050 $h19 06015 $x00 
209C/01 $a19.06015 T $h19 06015 T 
209G/01 $a74102310 $x00 
220C/01 $acer 
247C/01 $8358050-7 Marburg, Bibliothek des Herder-Instituts Marburg $9102600961 

lok: 45657146 78

exp: 45657146 78 1 #EPN
201B/01 $007-12-25 $t20:02:58.000 
201C/01 $007-12-25 
201U/01 $0utf8 
203@/01 $01329346297 
208@/01 $a07-12-25 $be 
209A/01 $a/ $f000 $x00 
209A/01 $ab*p $x01 
220C/01 $apgar 
244Z/01 $#Litauen $#Litauen $#Litauen $#Lithuania $#Lietuvos Respublika $#République Lithuanienne $#Lithuanie $#Litva 1918 - 1940, 1991, 9 - $#Litovskaja Respublika $#Lithuania 1918 - 1940, 1991, 9 - $#Republik Litauen $#Republic of Lithuania $#Lithuanian Republic $#Litauische Republik $#Lietuva $#Litwa $74074266-0 $8--Tg1--Litauen $x10 $9085209074 
247C/01 $82080>Marburg/Lahn, Herder-Institut, Forschungsbibliothek, Bibliographieportal $9336309341
LEADER 00000cam a2200000 c 4500
001 456571469
003 DE-603
005 20201204113026.0
007 tu
008 191206s2012 xx |||| | u00||u|lit c
020 |a 9786094540691 
035 |a (DE-599)HEB456571469 
035 |a (OCoLC)888162132 
040 |a DE-603  |b ger  |c DE-603  |d DE-603  |e rda 
041 |a lit 
082 0 4 |8 1\u  |a 320.094793  |q DE-101  |2 23/BSB 
085 |8 1\u  |b 320 
085 |8 1\u  |z 2  |s 4793 
245 0 0 |a Lietuvos Respublikos pasirengimo pirmininkauti ir pirmininkavimo Europos saugumo ir bendradarbiavimo organizacijai (ESBO) svarbiausių dokumentų rinkinys  |b 2004-2011 metai  |c sudarytojas Rytis Paulauskas 
264 1 |a Kaunas  |b Vitae Litera  |c 2012 
300 |a 338 Seiten  |b Illustrationen 
336 |a Text  |b txt  |2 rdacontent 
337 |a ohne Hilfsmittel zu benutzen  |b n  |2 rdamedia 
338 |a Band  |b nc  |2 rdacarrier 
500 |a Literaturverzeichnis Seite 317-318 
546 |a Beiträge teilweise litauisch, teilweise englisch und teilweise russisch 
610 1 7 |a Organisation für Sicherheit und Zusammenarbeit in Europa  |2 gnd  |0 (DE-588)2149347-9  |0 (DE-603)043925685 
650 7 |a Politik  |0 (DE-588)4046514-7  |0 (DE-603)085129836  |2 gnd 
650 7 |a Quelle  |0 (DE-588)4135952-5  |0 (DE-603)085503576  |2 gnd 
651 7 |a Litauen  |0 (DE-588)4074266-0  |0 (DE-603)085209074  |2 gnd 
700 1 |a Paulauskas, Rytis  |e Verfasser  |4 aut  |0 (DE-603)456571000 
856 4 2 |m V:DE-603;B:DE-Mb50  |q application/pdf  |u http://scans.hebis.de/HEBCGI/show.pl?45657146_toc.pdf  |3 Inhaltsverzeichnis 
924 0 |9 Mb 50  |a (DE-603)1072159864  |b DE-Mb50  |c HES  |d c  |g 19.06015 
924 0 |9 2080  |a (DE-603)1329346297  |b DE-2080  |c HES  |d d  |g /